| 000 | 00473nam a2200157 4500 | ||
|---|---|---|---|
| 001 | 149026 | ||
| 003 | ES-MaACL | ||
| 005 | 20230906202920.0 | ||
| 007 | t| | ||
| 008 | 070214s1927 pn r ||||1| spa d | ||
| 100 | 1 |
_aSusto, Juan Antonio. _9108867 |
|
| 245 | 1 | 0 |
_aPanamá en el Archivo General de Indias _b: tres años de labor / _cJuan Antonio Susto. |
| 260 |
_aPanamá : _b[s. n.], _c1927 ( _fImp. Nacional) |
||
| 300 |
_a48 p. ; _c23 cm. |
||
| 852 |
_aES-MaACL _j1708-F-22 |
||
| 999 |
_c149026 _d149026 |
||